10 häufigste Verben (in Romanen) - Statistiken

Allgemein
  • Dieses Quiz wurde 19 mal gespielt
  • Das Durchschnittsergebnis liegt bei 6 aus 10
Antwortstatistiken
Rang Wort % Korrekt
2. haben
83%
10. gehen
78%
8. wollen
78%
4. können
67%
5. sagen
67%
6. sehen
67%
3. werden
67%
7. müssen
39%
1. sein
28%
9. kommen
11%
Keine übereinstimmenden Quizze gefunden
Verteilung der Resultate
Anzahl Personen mit jedem Resultat
Perzentil nach korrekt beantworteten Fragen
Ihre Resultats-Entwicklung
Sie haben dieses Quiz noch nicht gespielt